000
00390nam a22001457a 4500
003
MACL
005
20190604154636.0
008
190604b xxu||||| |||| 00| 0 eng d
040
_c
MACL
100
_a
गाला ध रा
_9
41056
245
_a
नेत्ररक्षा
260
_b
गाला पब्लि
650
_a
चिकित्सा
_9
51793
942
_2
ddc
_c
HIN
999
_c
60036
_d
60036